| 000 | 01297nam2a22002651 4500 | ||
|---|---|---|---|
| 001 | RU\NLR\INFOCOMM31\1000049310 | ||
| 005 | 20250617061226.0 | ||
| 035 | _a(NLR Aleph) 002513426 | ||
| 090 |
_a2699469 _c2699469 |
||
| 100 | _a20040427d1977 |||y0rusy50 ca | ||
| 101 | 0 | _arus | |
| 102 | _aRU | ||
| 105 | _ay ||||||||| | ||
| 200 | 1 |
_aНаправления развития меховой промышленности социалистических стран _fА.Н. Беседин, Е.А. Симонов |
|
| 210 |
_d1977 _aБ. м. |
||
| 461 | 0 |
_1001RU\NLR\INFOCOMM31\1000049307 _12001#$aМеховая промышленность$eОбзор$fМ-во лег. пром. СССР. ЦНИИ информации и техн.-экон. исследований легкой пром-сти$v1977, Вып.1 _92699442 _cМ. _d1976- _fМ-во лег. пром. СССР. ЦНИИ информации и техн.-экон. исследований легкой пром-сти _oОбзор _tМеховая промышленность _v1977, Вып.1 |
|
| 700 | 1 |
_aБеседин _bА.Н. _4070 |
|
| 701 | 1 |
_aСимонов _bЕ.А. _4070 |
|
| 801 | 1 |
_aRU _bInfoComm _c20040427 |
|
| 801 | 0 |
_aRU _bNLR _gPSBO |
|
| 852 |
_aNLR _jП10/6140 |
||
| 942 | _cISSUE | ||
| 980 | _aNB | ||
| 980 | _aRUSPER | ||